| 000 | 01030nam a2200265 a 4500 | ||
|---|---|---|---|
| 001 | 000231133 | ||
| 003 | AM-YEHGA | ||
| 005 | 20250617124550.0 | ||
| 008 | 030603s1994 ai ||||gr|||||||||1|rus|d | ||
| 020 | _a5550003708 | ||
| 040 | _aAM-YeHGA | ||
| 041 | 1 |
_arus _harm |
|
| 100 | 1 |
_aИоаннисиан, Иоаннес, _d1864-1929 |
|
| 245 | 1 | 0 |
_aЛирика / _cИ. Иоаннисиан ; Пер. с арм. А. Налбандяна : Предисл. и коммент. Т. Геворкян. |
| 260 |
_aЕреван : _bНаири, _c1994. |
||
| 300 |
_a204 с. ; _c17 см. |
||
| 440 | 0 | _aАрмянская классическая поэзия | |
| 504 | _aКомментарии, стр. 188-191 | ||
| 525 | _aПриложения, стр. 192-197 | ||
| 650 | 1 | 4 |
_aՀայ գրականություն _xПоэзия |
| 700 | 1 |
_aНалбандян, Альберт _eпер. _4trl |
|
| 700 | 1 |
_aГеворкян, Татьяна _eавт. предисл. _4aui _eкоммент. _4cmm |
|
| 942 |
_2udc _cBK |
||
| 090 | _c82724 | ||
| 999 |
_c81456 _d81456 |
||